000 00396 a2200169 4500
001 44677
020 _a8516018202
040 _cAnchieta - Aquarius
100 _aMuniz, Flávia
240 1 0 _a#Branca de Neve e os sete anões
_lpor
245 1 0 _a#Branca de Neve e os sete anões
300 _a46
362 0 _a1997
440 1 _aModerna
650 4 _aLiteratura infanto-juvenil
942 _cBK
999 _c44677
_d44677